[Event "December is Latin for Choclate for Breakfast Month"]
[Site "SchemingMind.com"]
[Date "2022.12.26"]
[Round "-"]
[White "abuteague"]
[Black "Clive Everill"]
[Result "1-0"]
[WhiteCountry "USA"]
[BlackCountry "CZE"]
[WhiteElo "1693"]
[WhiteRD "77"]
[BlackElo "1708"]
[BlackRD "56"]
[GameID "729533"]

1. d4 f5 2. Nf3 Nf6 3. Bg5 e6 4. Bxf6 Qxf6 5. e3 b6 6. Be2 Bb7 7. O-O Bd6 8. Nbd2 O-O 9. c4 c5 10. dxc5 Bxc5
11. b3 Nc6 12. h3 Rad8 13. Re1 d5 14. cxd5 Rxd5 15. Qc2 Rfd8 16. Nc4 b5 17. Nb2 Nb4 18. Qc1 a6 19. Rd1 Rxd1+ 20. Nxd1 Rc8
21. Qb2 Qe7 22. a3 Nd5 23. b4 Bd6 24. Rc1 Rxc1 25. Qxc1 e5 26. Nd2 Kf8 27. Nb3 Qg5 28. Bf3 e4 29. Be2 f4 30. exf4 Nxf4
31. Bg4 Qe5 32. Ne3 Nxg2 33. Kxg2 Qh2+ 34. Kf1 Qh1+ 35. Ke2 Qh2 36. Nc5 Bg3 37. Qf1 Bc6 38. Qg2 Qxg2 39. Nxg2 Be5 40. Nxa6 Bb2
41. Nf4 Bxa3 42. Ne6+ Kg8 43. Nec5 g6 44. Ke3 h5 45. Bd7 Bxd7 46. Nxd7 Kf7 47. Kxe4 Ke6 48. Ndc5+ Kd6 49. Nd3 Kc6 50. Ndc5 Bxb4
51. Ne6 Be1 52. f3 Bh4 53. Nf4 Kb6 54. Nb4 Kc5 55. Nbd3+ Kc4 56. Nxg6 Bf6 57. f4 b4 58. f5 h4 59. Ngf4 b3 60. Nd5 Bg7
61. f6 Bh6 62. f7 Kb5 63. Nf6 Ka4 64. Nd7 Ka3 65. f8=Q+ Bxf8 66. Nxf8 b2 67. Nxb2 Kxb2 68. Kf4 Kc3 69. Kg4 Kd4 70. Kxh4 Ke5
71. Kg5 Kd6 72. Kf6
1-0

[Event "December is Latin for Choclate for Breakfast Month"]
[Site "SchemingMind.com"]
[Date "2022.12.26"]
[Round "-"]
[White "Clive Everill"]
[Black "Megabulles"]
[Result "0-1"]
[WhiteCountry "CZE"]
[BlackCountry "GER"]
[WhiteElo "1684"]
[WhiteRD "57"]
[BlackElo "2243"]
[BlackRD "100"]
[GameID "729536"]

1. e4 d5 2. exd5 Qxd5 3. Nc3 Qd6 4. d4 c6 5. Nge2 Nf6 6. Bf4 Qd8 7. Ng3 g6 8. Bc4 Bg7 9. O-O O-O 10. Re1 b5
11. Bb3 a5 12. a3 Bb7 13. Qd2 e6 14. Nce2 Nbd7 15. h3 Nb6 16. Be3 Nbd5 17. Bh6 Qb6 18. Bxg7 Kxg7 19. c3 Rfd8 20. Bc2 Rac8
21. b4 Qc7 22. Ne4 Nxe4 23. Bxe4 Nf6 24. Bf3 c5 25. Bxb7 Qxb7 26. Qe3 cxb4 27. axb4 axb4 28. cxb4 Rc4 29. Red1 Rxb4 30. Ra3 Ra8
31. Rad3 Rb2 32. R3d2 Rxd2 33. Rxd2 b4 34. Rb2 Qc7 35. g3 Ra1+ 36. Kg2 Qc6+ 37. f3 Ra3 38. Qf2 Nd5 39. g4 Ne3+
0-1

[Event "December is Latin for Choclate for Breakfast Month"]
[Site "SchemingMind.com"]
[Date "2022.12.26"]
[Round "-"]
[White "Megabulles"]
[Black "Clive Everill"]
[Result "1-0"]
[WhiteCountry "GER"]
[BlackCountry "CZE"]
[WhiteElo "2243"]
[WhiteRD "100"]
[BlackElo "1684"]
[BlackRD "57"]
[GameID "729537"]

1. d4 f5 2. Nf3 d6 3. Nc3 Nf6 4. Bg5 Nbd7 5. e3 e5 6. dxe5 dxe5 7. e4 Bb4 8. exf5 h6 9. Bd2 c6 10. Nh4 Nf8
11. Bd3 Bd7 12. Qe2 Bd6 13. Ne4 Nxe4 14. Qh5+ g6 15. fxg6 Bg4 16. Qxg4 Nf6 17. Qc4 Qe7 18. Nf5 Qd7 19. g7 Rg8 20. Nxd6+ Qxd6
21. gxf8=Q+ Qxf8 22. Qe6+ Qe7 23. Qxe7+ Kxe7 24. O-O h5 25. Rfe1 Kd6 26. f4 exf4 27. Bxf4+ Kd7 28. Bf5+ Kd8 29. Rad1+
1-0